<?xml version="1.0" encoding="UTF-8"?>
<collection xmlns="http://www.loc.gov/MARC21/slim">
 <record>
  <leader>01511nam a2200217Ia 4500</leader>
  <controlfield tag="001">CTU_206526</controlfield>
  <controlfield tag="008">210402s9999    xx            000 0 und d</controlfield>
  <datafield tag="020" ind1=" " ind2=" ">
   <subfield code="c">91000</subfield>
  </datafield>
  <datafield tag="082" ind1=" " ind2=" ">
   <subfield code="a">305.895</subfield>
  </datafield>
  <datafield tag="082" ind1=" " ind2=" ">
   <subfield code="b">H419</subfield>
  </datafield>
  <datafield tag="100" ind1=" " ind2=" ">
   <subfield code="a">Kim, Văn Học</subfield>
  </datafield>
  <datafield tag="245" ind1=" " ind2="0">
   <subfield code="a">Tìm hiểu văn hoá người Nhật Bản - Hàn Quốc - Trung Quốc</subfield>
  </datafield>
  <datafield tag="245" ind1=" " ind2="0">
   <subfield code="c">Kim Văn Học ; Dương Thu Ái, Nguyễn Kim Hanh (dịch)</subfield>
  </datafield>
  <datafield tag="260" ind1=" " ind2=" ">
   <subfield code="a">Hà Nội</subfield>
  </datafield>
  <datafield tag="260" ind1=" " ind2=" ">
   <subfield code="b">Văn hóa Thông tin</subfield>
  </datafield>
  <datafield tag="260" ind1=" " ind2=" ">
   <subfield code="c">2014</subfield>
  </datafield>
  <datafield tag="520" ind1=" " ind2=" ">
   <subfield code="a">Nền văn hoá phương Đông chứa đựng những thành phần quan trọng mà nền văn hoá phương Tây còn thiếu. Đúng là vì có sự tồn tại của người khác, mới có thể nhìn rõ được diện mạo của mình, mới có thể biết mình là ai. Nếu không nhìn thấy nền văn hoá khu vực khác, có lữ khiến mình sa vào những cảnh ngộ nguy hiểm. Việt Nam có mối quan hệ chặt chẽ với ba nước Nhật, Hàn, Trung cho nên việc tìm hiểu nền văn hoá của họ là cần thiết và quan trọng trong mối quan hệ giao lưu hữu nghị.</subfield>
  </datafield>
  <datafield tag="650" ind1=" " ind2=" ">
   <subfield code="a">Culture,Culture,Culture,Văn hoá,Văn hoá,Văn hoá</subfield>
  </datafield>
  <datafield tag="650" ind1=" " ind2=" ">
   <subfield code="z">China,Japan,Korea,Trung Quốc,Nhật Bản,Triều Tiên</subfield>
  </datafield>
  <datafield tag="904" ind1=" " ind2=" ">
   <subfield code="i">Qhieu</subfield>
  </datafield>
  <datafield tag="980" ind1=" " ind2=" ">
   <subfield code="a">Trung tâm Học liệu Trường Đại học Cần Thơ</subfield>
  </datafield>
 </record>
</collection>
